000 00648nam a2200229Ia 4500
003 OSt
005 20221007080707.0
006 a|||||r|||| 00| 0
007 ta
008 221006b |||||||| |||| 00| 0 eng d
024 _a13,310
037 _cTextual
040 _aFLL
_cFLL
_beng
041 _2eng
_aeng
082 _aV73:25:Z:881, K7
100 _aSpicer George W. Au.
_9695260
245 0 _aSupreme court and fundamental freedoms
260 _aNew York
_bAppleton Century Crofts U.S.A.
_c1967
300 _axi,280p
_ccm.
942 _hV73:25:Z:881, K7
_cTEXL
_2CC
999 _c1160561
_d1160561